| 000 | 01308cam a22002891 4500 | ||
|---|---|---|---|
| 001 | gs 41000010 | ||
| 003 | DLC | ||
| 005 | 20260227111346.0 | ||
| 008 | 780417s1940 ksuabf 000 0 eng c | ||
| 010 | _ags 41000010 | ||
| 035 | _a(OCoLC)3807570 | ||
| 040 |
_aU. S. Geol. survey. Library. _cTxEU _dDLC |
||
| 042 | _apremarc | ||
| 050 | 0 | 0 |
_aQE113 _b.A2 no. 33 |
| 082 | _a(557.81) 551.75 | ||
| 100 | 1 |
_aLee, Wallace, _d1883- |
|
| 245 | 1 | 0 |
_aSubsurface Mississippian rocks of Kansas / _cby Wallace Lee ; with Report on fossils of Mississippian age from well cores in western Kansas, by George H. Girty. |
| 260 |
_aTopeka, Kansas : _bW. C. Austin, state printer, _c1940. |
||
| 300 |
_a114 p. : _bincl. illus., tables, fold. plates, fold. maps ; _c23 cm. |
||
| 490 | 0 | _a(Kansas. State geological survey. Bulletin 33) | |
| 500 | _aBulletin of the University of Kansas, vol. 41, no. 17, September 1, 1940. | ||
| 501 |
_aWith : Ground-water resources of Kansas / by Raymond C. Moore, with chapters by S. W. Lohman, J. C. Frye, H. A. Waite, T. G. McLaughlin and Bruce Latta, 1940. Bound together subsequent to publication. _5DLC |
||
| 504 | _aBibliography: p. 113-114. | ||
| 650 | 0 |
_aGeology, Stratigraphic _yMississippian. |
|
| 650 | 0 |
_aGeology _zKansas. |
|
| 700 | 1 |
_aGirty, George Herbert, _d1869-1939. |
|
| 999 |
_c27685 _d27685 |
||